CCNA cybersecurity operations course booklet (Record no. 36912)

MARC details
000 -LEADER
fixed length control field 00746nam a2200169 a 4500
008 - FIXED-LENGTH DATA ELEMENTS--GENERAL INFORMATION
fixed length control field 190522s2018 ||||||||||||||||| || u
020 ## - INTERNATIONAL STANDARD BOOK NUMBER
International Standard Book Number 9781587134371
050 ## - LIBRARY OF CONGRESS CALL NUMBER
Classification number QA 76.9.A25 Ccn
110 ## - MAIN ENTRY--CORPORATE NAME
Corporate name or jurisdiction name as entry element CISCO Networking Academy
245 10 - TITLE STATEMENT
Title CCNA cybersecurity operations course booklet
Statement of responsibility, etc. By CISCO Networking Academy
260 ## - PUBLICATION, DISTRIBUTION, ETC.
Place of publication, distribution, etc. Indianaplois
Name of publisher, distributor, etc. CISCO Networking Academy
Date of publication, distribution, etc. 2018
300 ## - PHYSICAL DESCRIPTION
Extent xxii, 314 pages : illustrations
350 ## - PRICE (NR) (BK AM CF MU VM SE) [OBSOLETE]
Price 50.16
650 #0 - SUBJECT ADDED ENTRY--TOPICAL TERM
Topical term or geographic name entry element COMPUTER NETWORKS--SECURITY MEASURES--EXAMINATIONS--STUDY GUIDES
650 ## - SUBJECT ADDED ENTRY--TOPICAL TERM
Topical term or geographic name entry element COMPUTER SECURITY--EXAMINATIONS--STUDY GUIDE
995 ## - RECOMMENDATION 995 [LOCAL, UNIMARC FRANCE]
-- CBU-MAIN LIBRARY (Kitwe)
-- 50.16
-- 1
-- AVAILABLE
-- Jun 12, 2019
-- Main Library Open Access Collection
Holdings
Withdrawn status Lost status Source of classification or shelving scheme Damaged status Not for loan Home library Current library Shelving location Date acquired Total Checkouts Full call number Barcode Date last seen Price effective from Koha item type
          CBU-MAIN LIBRARY, KITWE. CBU-MAIN LIBRARY, KITWE.   11/30/2022   QA 76.9.A25 Ccn 749169 11/30/2022 11/30/2022 MONOGRAPH